A history of building control in England and Wales 1840-1990. (Record no. 100045)

MARC details
000 -LEADER
fixed length control field 00620cam a2200229 4500
008 - FIXED-LENGTH DATA ELEMENTS--GENERAL INFORMATION
fixed length control field 000000n2000 000 0 eng u
020 ## - INTERNATIONAL STANDARD BOOK NUMBER
International Standard Book Number 0854066721
035 ## - SYSTEM CONTROL NUMBER
System control number (Sirsi) u102127
041 ## - LANGUAGE CODE
Language code of text/sound track or separate title eng
050 ## - LIBRARY OF CONGRESS CALL NUMBER
Classification number 692.2
100 ## - MAIN ENTRY--PERSONAL NAME
Personal name Ley, A. J
245 #2 - TITLE STATEMENT
Title A history of building control in England and Wales 1840-1990.
260 ## - PUBLICATION, DISTRIBUTION, ETC.
Place of publication, distribution, etc. London
Name of publisher, distributor, etc. RICS
Date of publication, distribution, etc. 2000
300 ## - PHYSICAL DESCRIPTION
Extent xviii,222p. ; 23cm.
650 ## - SUBJECT ADDED ENTRY--TOPICAL TERM
Topical term or geographic name entry element BUILDING CONTROL
9 (RLIN) 6222
650 ## - SUBJECT ADDED ENTRY--TOPICAL TERM
Topical term or geographic name entry element LEGISLATION
650 ## - SUBJECT ADDED ENTRY--TOPICAL TERM
Topical term or geographic name entry element HISTORY
650 ## - SUBJECT ADDED ENTRY--TOPICAL TERM
Topical term or geographic name entry element BUILDING LAW
650 ## - SUBJECT ADDED ENTRY--TOPICAL TERM
Topical term or geographic name entry element BUILDING REGULATIONS
9 (RLIN) 6224
690 ## - LOCAL SUBJECT ADDED ENTRY--TOPICAL TERM (OCLC, RLIN)
Topical term or geographic name as entry element BUILT ENVIRONMENT-BUILDING STANDARDS
942 ## - ADDED ENTRY ELEMENTS (KOHA)
Suppress in OPAC 0
Holdings
Withdrawn status Lost status Source of classification or shelving scheme Damaged status Not for loan Home library Current library Shelving location Date acquired Total Checkouts Full call number Barcode Date last seen Copy number Price effective from Koha item type Date last checked out
    Dewey Decimal Classification     London London RICS Boxes 16/11/1999   RICS 2000/29 30061170 06/08/2019 1 06/08/2019 Archive  
    Dewey Decimal Classification     London London Books 11/04/2000 1 692.2 LEY 30061171 06/08/2019 1 06/08/2019 Book 12/11/2009
  Missing       London London Missing 11/04/2000 20 692.2 LEY 30061172 06/08/2019 2 06/08/2019 Book 29/05/2009
    Dewey Decimal Classification     London London Books 11/04/2000 23 692.2 LEY 30061173 06/08/2019 3 06/08/2019 Book 27/01/2010